000 01249nam a2200313 a 4500
001 000026583
003 DO-SdBNP
005 20260429123223.0
008 110323s2002 dr ad 001 0 spa d
040 _aDO-SdBNP
_bspa
_cBNPHU
082 _a324.72
_bD812o
100 1 _aDuarte, Isis
_92123
245 1 0 _aObservación de la selección de candidaturas :
_belecciones congresuales y municipales /
_cIsis Duarte, Genrry E. González.
260 _aSanto Domingo :
_bParticipación Ciudadana.,
_c2002.
300 _a72 p. :
_bil. ;
_c22 cm.
500 _aIncluye índice de anexos
505 0 _aIntroducción --
_tLa Reglamentación de las convenciones --
_tCumplimiento de la cuota de candidaturas femeninas --
_tObservación de las Convenciones de los Partidos --
_tConclusiones y recomendaciones.
590 _aInventariado, 2019/MFF
648 _aParticipación política
_988828
650 0 _aCampañas políticas
_93368
650 0 _aParticipación social
_977777
650 4 _aCandidaturas
_953690
650 0 _aSociedad civil
_950441
650 4 _aElecciones municipales
_953691
650 2 0 _aParticipación política
_9456
700 1 _aGonzález, Genrry E.
_953692
910 _aValidado. Control de calidad EMS
942 _2ddc
_cLBS1
999 _c26075
_d26075